000 00373nam a2200145Ia 4500
008 230711s9999||||xx |||||||||||||| ||und||
041 _aENG
082 _a541.2
_bRA-G
100 _aRaman,K.V
245 0 _aGroup theory and its application to Chemistry
250 _a1st
260 _c1990
_aNew Delhi
_bTata McGraw Hill Education Limited
650 _aChemistry
942 _cBK
999 _c945
_d945